zpět

Detail výsledku týmu

Žlíbka Pub, Jevíčko

Datum a čas kvízu

31 Celkem bodů Celkový počet nahraných bodů na tomto kvízu bez doplňovacích otázek.
2. Pořadí na kvízu Konečné umístění týmu na tomto kvízu.

Zaznamenané odpovědi

# Otázka Odpověď Body Výsledky
1. Který hudebník narozený v roce... Vladimír Mišík 0
2. Poměrně neobvyklé záběry se do... ve Španělsku 0
3. Doplňte slovo do názvu časosbě... Havel 1
4. Která dvě křestní jména (jedno... Eliška, Jakub 1
5. Který hokejista, bývalý reprez... Tomáš Plekanec 1
6. Naše téma nezačneme v kurníku,... Fabergého vejce 0
7. Barvíte velikonoční vajíčka? T... 1C 2D 3B 4A 0
8. Která z vajec na obrázku snesl... B 0
9. Ze kterého animovaného filmu z... ze Slepičího úletu 1
10. Vyberte nepravdivé tvrzení. C 0